000
00349nam a22001577a 4500
005
20160629135523.0
008
160629b xxu||||| |||| 00| 0 eng d
041
_a
eng
082
_b
11042
100
_a
Kumar Vachandev
_9
3196
245
_a
Byakaran Bhaskar
260
_b
Bharti Bhawan
300
_a
359
650
_a
Management
_9
241
942
_c
BK
999
_c
4695
_d
4693